Informe Práctica Supervisada realizado en el Laboratorio Dental Ebenezer (Registro nro. 6741)
[ vista simple ]
| 000 -LEADER | |
|---|---|
| fixed length control field | 00502nmm a22001817a 4500 |
| 005 - DATE AND TIME OF LATEST TRANSACTION | |
| control field | 20170209153837.0 |
| 008 - FIXED-LENGTH DATA ELEMENTS--GENERAL INFORMATION | |
| fixed length control field | 150728b xxu||||| |||| 00| 0 spa d |
| 041 ## - LANGUAGE CODE | |
| Language code of text/sound track or separate title | Español |
| 082 ## - DEWEY DECIMAL CLASSIFICATION NUMBER | |
| Classification number | MD 67 |
| 100 ## - MAIN ENTRY--AUTHOR NAME | |
| Personal name | Icabalceta Rivera, Dayana |
| 245 ## - TITLE STATEMENT | |
| Title | Informe Práctica Supervisada realizado en el Laboratorio Dental Ebenezer |
| 260 ## - PUBLICATION, DISTRIBUTION, ETC. (IMPRINT) | |
| Year of publication | 2012 |
| 650 ## - SUBJECT ADDED ENTRY--TOPICAL TERM | |
| Topical Term | COSTA RICA |
| 650 ## - SUBJECT ADDED ENTRY--TOPICAL TERM | |
| Topical Term | MECANICA DENTAL |
| 650 ## - SUBJECT ADDED ENTRY--TOPICAL TERM | |
| Topical Term | ACRILICOS |
| 650 ## - SUBJECT ADDED ENTRY--TOPICAL TERM | |
| Topical Term | PROTESIS TOTAL |
| 942 ## - ADDED ENTRY ELEMENTS (KOHA) | |
| Tipo de ítem | Informe de Práctica |
| Withdrawn status | Estado | Estado físico | Not for loan | Precio de compra | Total Checkouts | Clasificación | Número de inscripción | Date last seen | Date checked out | Price effective from | Tipo de ítem |
|---|---|---|---|---|---|---|---|---|---|---|---|
| 62720.00 | 1 | MD 67 | MD67 | 19/12/2018 | 19/11/2018 | 12/02/2016 | Informe de Práctica |